The Algae/ (Record no. 188337)

MARC details
000 -LEADER
fixed length control field 00534nam a22001937a 4500
005 - DATE AND TIME OF LATEST TRANSACTION
control field 20220519103858.0
010 ## - LCCN (DPL NO)
LC control number ENG-132690
020 ## - INTERNATIONAL STANDARD BOOK NUMBER
International Standard Book Number 9788192556338
Terms of availability 495.00
035 ## - SYSTEM CONTROL NUMBER
System control number EN-116222
037 ## - SOURCE OF ACQUISITION
Source of stock number/acquisition DBAD/PUB
082 ## - DEWEY DECIMAL CLASSIFICATION NUMBER
Classification number 571.29
100 ## - MAIN ENTRY--PERSONAL NAME
Personal name Chapman, V.J.
245 ## - TITLE STATEMENT
Title The Algae/
Statement of responsibility, etc V.J. Chapman and D.J. Chapman
260 ## - PUBLICATION, DISTRIBUTION, ETC. (IMPRINT)
Place of publication, distribution, etc Kolkata
Name of publisher, distributor, etc Alphanumera
Date of publication, distribution, etc 2013
270 ## - ADDRESS
Address 6B, Jatin Das Road
City Kolkata
Postal code 700029
300 ## - PHYSICAL DESCRIPTION
Extent xiv, 497p.
Dimensions 22cm(pbk)
700 ## - ADDED ENTRY--PERSONAL NAME
Personal name Chapman, D.J.
942 ## - ADDED ENTRY ELEMENTS (KOHA)
Source of classification or shelving scheme Dewey Decimal Classification
Item type English Books
Classification part 571.29
Call number suffix CHA
Holdings
Withdrawn status Lost status Not for loan Collection code Home library Current library Date acquired Source of acquisition Cost, normal purchase price Full call number Barcode Copy number Cost, replacement price Koha item type
      Non-fiction Patel Nagar Patel Nagar 19/05/2022 DBAD/PUB 495.00 571.29 CHA EN-116222 1 495.00 English Books

© Delhi Public Library
Hit Counter
free hit counter